000 004150000a22001690004500
003 MACL
005 20150704150215.0
008 150704b xxu||||| |||| 00| 0 eng d
040 _aMACL
_cMACL
041 _aEnglish
100 _aThapar, Romila
_9612
245 _aInterpreting Early India
260 _bOxford University Press
_c1993
_aNew Delhi
350 _a80
650 _aSociology
_919
942 _cBK
_k300
_2ddc
999 _c4121
_d4121